The tantric view of life / (Record no. 124100)

MARC details
000 -LEADER
fixed length control field 00704nam a22002297a 4500
005 - DATE AND TIME OF LATEST TRANSACTION
control field 20170124105934.0
010 ## - LIBRARY OF CONGRESS CONTROL NUMBER
LC control number 708338
020 ## - INTERNATIONAL STANDARD BOOK NUMBER
Terms of availability 00.00
035 ## - SYSTEM CONTROL NUMBER
System control number 708338
037 ## - SOURCE OF ACQUISITION
Source of stock number/acquisition Cen Lib/Ret
040 ## - CATALOGING SOURCE
Original cataloging agency DPL
Language of cataloging EN
082 ## - DEWEY DECIMAL CLASSIFICATION NUMBER
Classification number 230.23
Item number GUE
100 ## - MAIN ENTRY--PERSONAL NAME
Personal name Guenther, Herbert V.
9 (RLIN) 9274
245 ## - TITLE STATEMENT
Title The tantric view of life /
Statement of responsibility, etc by Herbert V. Guenther
260 ## - PUBLICATION, DISTRIBUTION, ETC. (IMPRINT)
Place of publication, distribution, etc Berkeley
Name of publisher, distributor, etc Shambala The Clear Light Series
Date of publication, distribution, etc 1972
270 ## - ADDRESS
Address 1409 Fifth Street Berkely,
City Celifornia
Postal code 94710
300 ## - PHYSICAL DESCRIPTION
Extent x,168p.
Dimensions 22cm(Hb)
500 ## - GENERAL NOTE
General note Includes bibliographical references and index.
650 ## - SUBJECT ADDED ENTRY--TOPICAL TERM
Topical term or geographic name as entry element Tantric Buddhism.
9 (RLIN) 9275
650 ## - SUBJECT ADDED ENTRY--TOPICAL TERM
Topical term or geographic name as entry element Tantrismus
9 (RLIN) 9276
942 ## - ADDED ENTRY ELEMENTS (KOHA)
Source of classification or shelving scheme Dewey Decimal Classification
Koha item type English Books
Classification part 230.23
Call number suffix GUE
Holdings
Withdrawn status Lost status Damaged status Not for loan Home library Current library Date acquired Source of acquisition Cost, normal purchase price Total Checkouts Total Renewals Full call number Barcode Date last seen Date checked out Copy number Cost, replacement price Price effective from Koha item type
        Central Library Central Library 13/06/2015 Cen Lib/Ret 0.00 5 5 230.23 GUE 708338 01/09/2022 16/08/2022 1 0.00 15/09/2016 English Books

© Delhi Public Library
Hit Counter
free hit counter